000 00707nam a22002177a 4500
003 0
005 20250127174030.0
008 250127b xxu||||| |||| 00| 0 eng d
050 _aTP 991
_b.L45 2019
100 _aLei, Christa Abigael C.
245 _aBuhi naturals
_cChrista Abigael C. Lei
260 _aLas Pinas City
_bSouthville International School and Colleges
_c2019
300 _a70 pages ;
_c28cm.
500 _aEntrepreneurship.
504 _aIncludes bibliographical references and appendices.
650 _aSoap—Manufacture.
650 _aNatural products—Skin care.
650 _aOrganic soap—Production.
650 _aPersonal care products—Marketing.
942 _2lcc
_cTH
999 _c367081
_d367081